La Cacatua verda / Arthur Schnitzler ; traducció de Feliu Formosa ; pròleg de Josep M. Carandell
Descripción Física:
66 p. ; 17 cm
MARC
| LEADER | 00000nam a2200000Ia 4500 | ||
|---|---|---|---|
| 001 | 11607 | ||
| 008 | 160829s1997 xx 000 0 cat d | ||
| 080 | |a L-1-186 | ||
| 100 | |a Schnitzler, Arthur |9 27737 | ||
| 245 | |a La Cacatua verda / Arthur Schnitzler ; traducció de Feliu Formosa ; pròleg de Josep M. Carandell | ||
| 260 | |a Barcelona : |b Institut del Teatre. Diputació de Barcelona, |c 1997 | ||
| 300 | |a 66 p. ; |c 17 cm | ||
| 490 | |a Col·lecció Popular de Teatre Clàssic Universal ; 45 | ||
| 700 | |a Formosa, Feliu, |d 1934- |e traductor |9 34955 | ||
| 700 | 1 | |a Carandell, Josep Maria, |d 1934-2003 |e escriptor d'un pròleg |9 42674 | |
| 710 | 1 | |a Institut del Teatre (Barcelona, Catalunya) |9 52662 | |
| 901 | |a Arxiu | ||
| 942 | |n 1 |2 udc | ||
| 952 | |0 0 |1 0 |4 0 |6 L1186 |7 1 |9 46878 |a Arxiu |b Arxiu |d 2016-12-01 |l 0 |o L-1-186 |p 11607 |r 2016-12-01 00:00:00 |w 2016-12-01 |y ARXIU | ||
| 999 | |c 50671 |d 50671 | ||